Datum a čas kvízu
44.5
Celkem bodů
Celkový počet nahraných bodů na tomto kvízu bez doplňovacích otázek.
1.
Pořadí na kvízu
Konečné umístění týmu na tomto kvízu.
Zaznamenané odpovědi
| # | Otázka | Odpověď | Body | Výsledky |
|---|---|---|---|---|
| 1. | Možný budoucí premiér Andrej B... | 1C 2A 3D 4B | 1 | |
| 2. | K oslavám Díkůvzdání, které pr... | milost (život) | 1 | |
| 3. | Streamovací platforma Netflix... | Stranger Things | 1 | |
| 4. | Která automobilka představila... | Škoda Auto | 1 | |
| 5. | V sobotu začala nová biatlonov... | v Östersundu | 1 | |
| 6. | Seřaďte tyto ostrovy dle rozlo... | 1C 2A 3D 4B | 0 | |
| 7. | Nyní přiřaďte ostrovy ke států... | 1A 2C 3B 4D | 1 | |
| 8. | Kterému ostrovnímu středomořsk... | Kypr | 1 | |
| 9. | Nyní si odskočíme ke kinematog... | Řek Zorba, Anthony Quinn | 0.5 | |
| 10. | Ke kterému středomořskému ostr... | Elba | 1 |